145 let založení sboru dobrovolných hasičů Nové Hrady : 30 let obnovené přeshraniční spolupráce s hasiči s Rakouska /

Hlavní autor: Hokr, Vladimír, 1976-
Další autoři: Šáchová, Jitka, Homolka, Radek
Jazyk: Čeština
Vydáno: Nové Hrady : město Nové Hrady, 2019
Témata:
Fyzický popis: 39 stran : ilustrace (některé barevné), portréty, faksimile ; 15 x 21 cm
Knihy
Uloženo v:
LEADER 02475cam a2200589 i 4500
001 nkc20213310572
003 CZ PrNK
005 20210924082548.0
007 ta
008 210126s2019 xr ach g 000 0 cze d
015 |a cnb003310572 
020 |q (Brožováno) 
040 |a CBA001  |b cze  |d BOA001  |e rda 
043 |a e-xr---  |b e-xr-jc  |a e-au---  |2 czenas 
045 |a w7x1 
072 7 |a 614.84  |x Požáry. Ochrana před požáry  |2 Konspekt  |9 14 
080 |a 614.842.83  |2 MRF 
080 |a 614.84  |2 MRF 
080 |a 316.4.063.3  |2 MRF 
080 |a 614.84(091)  |2 MRF 
080 |a (437.319)  |2 MRF 
080 |a (436)  |2 MRF 
080 |a (082.2)  |2 MRF 
100 1 |a Hokr, Vladimír,  |d 1976-  |7 jn20011121007  |4 aut 
245 1 0 |a 145 let založení sboru dobrovolných hasičů Nové Hrady :  |b 30 let obnovené přeshraniční spolupráce s hasiči s Rakouska /  |c dle pramenů a literatury zpracovali: Vladimír Hokr, Jitka Šáchová, Radek Homolka 
246 3 |a Sto čtyřicet pět let založení sboru dobrovolných hasičů Nové Hrady 
264 1 |a Nové Hrady :  |b město Nové Hrady,  |c 2019 
300 |a 39 stran :  |b ilustrace (některé barevné), portréty, faksimile ;  |c 15 x 21 cm 
336 |a text  |b txt  |2 rdacontent 
336 |a statický obraz  |b sti  |2 rdacontent 
337 |a bez média  |b n  |2 rdamedia 
338 |a svazek  |b nc  |2 rdacarrier 
500 |a Název z obálky 
610 2 7 |a Sbor dobrovolných hasičů (Nové Hrady, České Budějovice, Česko)  |7 mzk20211126675  |2 czenas 
648 4 |a 1874-2019 
648 7 |a 19.-21. století  |7 ch757016  |2 czenas 
648 7 |a 20.-21. století  |7 ch462155  |2 czenas 
650 0 7 |a hasičské sbory  |7 ph162652  |z Česko  |y 19.-21. století  |2 czenas 
650 0 7 |a požární ochrana  |7 ph124487  |z Česko  |y 19.-21. století  |2 czenas 
650 0 7 |a přeshraniční spolupráce  |7 ph135604  |z Česko  |y 20.-21. století  |2 czenas 
650 0 7 |a přeshraniční spolupráce  |7 ph135604  |z Rakousko  |y 20.-21. století  |2 czenas 
650 0 7 |a dějiny požární ochrany  |7 ph488968  |z Česko  |y 19.-21. století  |2 czenas 
651 7 |a Nové Hrady (České Budějovice, Česko)  |7 ge128528  |2 czenas 
655 7 |a jubilejní publikace  |7 fd131839  |2 czenas 
700 1 |a Šáchová, Jitka  |4 aut 
700 1 |a Homolka, Radek  |4 aut 
910 2 |a BOA001  |b 2-1473.617 
920 |a 1001525  |z CBA001 
990 |a BK 
995 |a 60 
991 |b 202109  |c NOV 
996 6 |b 2610878675  |c 2-1473.617  |l MZK  |r Sklad / do 1 hodiny  |n 0  |p p.v.  |w 001863297  |u 000010  |a 1  |e BOA001  |j MZK50  |s P